LaLiga Teams 2024-25 - Statistics

General Stats
  • This quiz has been taken 1,455 times
    170 since last reset
  • The average score is 15 of 20
Answer Stats
Answer % Correct
Barcelona
100%
Real Madrid
100%
Atletico Madrid
99%
Athletic Club
98%
Valencia
91%
Villarreal
86%
Real Betis
84%
Sevilla
84%
Real Sociedad
81%
Girona
78%
Espanyol
77%
Getafe
73%
Mallorca
71%
Rayo Vallecano
67%
Celta Vigo
64%
Osasuna
64%
Levante
58%
Deportivo Alaves
54%
Elche
50%
Real Oviedo
30%
No matching quizzes found
Score Distribution
Percent of People with Each Score
Percentile by Number Answered
Your Score History
You have not taken this quiz since the last reset